| 000 | 00557nam a2200193Ia 4500 | ||
|---|---|---|---|
| 008 | 120718t2001 xxu||||| |||| 00| 0 sin d | ||
| 041 | _asin | ||
| 080 |
_a8-31 (eng) _bTRI |
||
| 100 | _aTritten , Charles | ||
| 245 | _aරෝස වලාකුළු | ||
| 246 | _aRosa Walakulu | ||
| 260 |
_aWijesuriya _aMulleriyawa _c2001 |
||
| 300 | _b99p, 21 cm | ||
| 500 | _aSinhalese Translation of Charles Tritten's of Rosy Clouds | ||
| 700 |
_aRanasinghe , Chintha Subhashini _etr. |
||
| 942 | _cBK | ||
| 999 |
_c43118 _d43118 |
||
| 003 | LK-CoDNM | ||
| 040 |
_aLK-CoDNM _dLK-CoDNM _eLK-CoDNM |
||